[Event "Open LTU Rapid"]
[Site "Vilnius LTU"]
[Date "2010.11.27"]
[Round "1"]
[White "Azarov, Sergei"]
[Black "Dugnaite, Gerda"]
[Result "1-0"]
[WhiteTitle "GM"]
[WhiteElo "2601"]
[BlackElo "1653"]
[WhiteFideId "13501470"]
[BlackFideId "12801232"]
[EventDate "2010.11.27"]

1. e4 c5 2. Nf3 d6 3. d4 cxd4 4. Nxd4 Nf6 5. Nc3 a6 6. Bg5 e6 7. f4 Be7 8. Qf3
Nbd7 9. O-O-O Qc7 10. Bd3 h6 11. Bh4 Nc5 12. Rhe1 b5 13. e5 Bb7 14. Qg3 Nh5 15.
Qg4 Bxh4 16. Qxh4 g6 17. exd6 Qd7 18. f5 Nxd3+ 19. Rxd3 gxf5 20. Qxh5 O-O-O 21.
Nf3 Qc6 22. Ne5 1-0

[Event "Open LTU Rapid"]
[Site "Vilnius LTU"]
[Date "2010.11.27"]
[Round "1"]
[White "Paulauskas, Andrius"]
[Black "Zhigalko, Andrey"]
[Result "0-1"]
[BlackTitle "GM"]
[WhiteElo "1636"]
[BlackElo "2570"]
[WhiteFideId "12807346"]
[BlackFideId "13502247"]
[EventDate "2010.11.27"]

1. Nf3 g6 2. d4 Bg7 3. g3 Nf6 4. Bg2 O-O 5. O-O d6 6. c4 Nc6 7. Nc3 a6 8. d5 Na5
9. Nd2 c5 10. Qc2 Rb8 11. b3 b5 12. cxb5 axb5 13. Rb1 b4 14. Na4 Bf5 15. e4 Bd7
16. Nb2 Ne8 17. Re1 Nc7 18. Bf1 e6 19. dxe6 Nxe6 20. Nf3 Nc6 21. Be3 Ned4 22.
Nxd4 Nxd4 23. Bxd4 Bxd4 24. Nc4 Bc6 25. Bg2 Ra8 26. Re2 Ra7 27. Rd1 Re8 28. Rdd2
h5 29. Kh1 h4 30. Rd3 h3 31. Bf3 Qf6 32. Kg1 Rae7 33. Bh1 Bxe4 34. Bxe4 Rxe4 35.
Rxe4 Rxe4 36. Qd2 Qxf2+ 37. Qxf2 Re1# 0-1

[Event "Open LTU Rapid"]
[Site "Vilnius LTU"]
[Date "2010.11.27"]
[Round "1"]
[White "Sulskis, Sarunas"]
[Black "Misiuk, Ivona"]
[Result "1-0"]
[WhiteTitle "GM"]
[WhiteElo "2562"]
[BlackElo "1631"]
[WhiteFideId "12800112"]
[BlackFideId "12800082"]
[EventDate "2010.11.27"]

1. c4 Nf6 2. Nc3 d5 3. cxd5 Nxd5 4. Nf3 g6 5. Qa4+ c6 6. Qd4 Nf6 7. Qxd8+ Kxd8
8. e4 Bg7 9. Bc4 e6 10. d4 h6 11. Bf4 Ke7 12. O-O-O Nbd7 13. Rhe1 Nb6 14. Bb3
Bd7 15. d5 Rhd8 16. Bc7 Rdc8 17. Be5 Rd8 18. Kb1 Rac8 19. Bc7 Rg8 20. Ne5 cxd5
21. Bxb6 axb6 22. exd5 Bh8 23. Nxf7 1-0

[Event "Open LTU Rapid"]
[Site "Vilnius LTU"]
[Date "2010.11.27"]
[Round "1"]
[White "Klepeckaite, Radvile"]
[Black "Gdanski, Jacek"]
[Result "0-1"]
[BlackTitle "GM"]
[WhiteElo "1619"]
[BlackElo "2542"]
[WhiteFideId "12805653"]
[BlackFideId "1100106"]
[EventDate "2010.11.27"]

1. d4 Nf6 2. c4 e6 3. Nc3 Bb4 4. Qc2 c5 5. e3 O-O 6. Bd2 d5 7. dxc5 Bxc5 8. cxd5
exd5 9. Nf3 Nc6 10. Bd3 Bg4 11. Be2 d4 12. exd4 Bxf3 13. Bxf3 Nxd4 14. Qd1 Re8+
15. Ne2 Nxf3+ 16. gxf3 Qd3 17. Rf1 Rxe2+ 18. Qxe2 Re8 19. Qxe8+ Nxe8 20. Rc1 Qd5
21. b4 Bb6 22. a4 h6 23. Rc8 Qe6+ 0-1

[Event "Open LTU Rapid"]
[Site "Vilnius LTU"]
[Date "2010.11.27"]
[Round "1"]
[White "Saumanaite, Skaiste"]
[Black "Matlakov, Maxim"]
[Result "0-1"]
[BlackTitle "GM"]
[WhiteElo "1662"]
[BlackElo "2619"]
[WhiteFideId "12806129"]
[BlackFideId "4168003"]
[EventDate "2010.11.27"]

1. e4 c5 2. Nf3 Nc6 3. d4 cxd4 4. Nxd4 Qc7 5. Nc3 e6 6. Be2 Nf6 7. a3 a6 8. O-O
Be7 9. Be3 O-O 10. Kh1 b5 11. f4 Nxd4 12. Bxd4 Bb7 13. Bd3 d6 14. e5 dxe5 15.
Bxe5 Qc6 16. Qe2 g6 17. Rad1 Rad8 18. Rd2 Rd7 19. Qf2 Rfd8 20. Rfd1 Ng4 21. Qe2
Nxe5 22. fxe5 Bg5 23. Qf2 Bxd2 24. Rxd2 Rd4 25. Re2 b4 26. axb4 Rxb4 27. Nd1
Rdd4 28. h3 Rf4 29. Qg1 a5 30. b3 Ba6 31. Nb2 Rbd4 32. Kh2 Bxd3 33. Nxd3 Rfe4
34. Rxe4 Qxe4 35. Qf2 a4 36. bxa4 Rxa4 37. Nc5 Qxe5+ 0-1

[Event "Open LTU Rapid"]
[Site "Vilnius LTU"]
[Date "2010.11.27"]
[Round "2"]
[White "Gdanski, Jacek"]
[Black "Vaitonis, Vytautas"]
[Result "1-0"]
[WhiteTitle "GM"]
[WhiteElo "2542"]
[BlackElo "2029"]
[WhiteFideId "1100106"]
[BlackFideId "12802905"]
[EventDate "2010.11.27"]

1. e4 c5 2. Nc3 d6 3. f4 Nc6 4. Nf3 g6 5. Bc4 Bg7 6. O-O e6 7. d3 Nge7 8. Qe1
O-O 9. f5 d5 10. Bb3 c4 11. dxc4 dxe4 12. f6 Bxf6 13. Nxe4 Bg7 14. Bg5 h6 15.
Qh4 Qc7 16. Nf6+ Bxf6 17. Bxf6 Nf5 18. Qe4 Qb6+ 19. Rf2 Qe3 20. Qxe3 Nxe3 21. h3
a5 22. Re1 Nf5 23. c3 a4 24. Bc2 Nd6 25. c5 Ne8 26. Bh4 Ra5 27. Nd4 g5 28. Nxc6
bxc6 29. Bg3 Rxc5 30. Bxa4 Ra5 31. Bxc6 Rxa2 32. b4 Rxf2 33. Bxf2 Nd6 34. Rd1
Nb7 35. c4 Rd8 36. Ra1 Nd6 37. c5 1-0

[Event "Open LTU Rapid"]
[Site "Vilnius LTU"]
[Date "2010.11.27"]
[Round "2"]
[White "Vaznonis, Donatas"]
[Black "Sulskis, Sarunas"]
[Result "0-1"]
[BlackTitle "GM"]
[WhiteElo "2029"]
[BlackElo "2562"]
[WhiteFideId "12801216"]
[BlackFideId "12800112"]
[EventDate "2010.11.27"]

1. Nf3 c5 2. c4 Nc6 3. Nc3 Nf6 4. g3 d5 5. cxd5 Nxd5 6. Bg2 Nc7 7. O-O e5 8. d3
Be7 9. Ne1 O-O 10. f4 exf4 11. Bxf4 Ne6 12. Bxc6 bxc6 13. Qa4 Qd4+ 14. Qxd4 cxd4
15. Ne4 Nxf4 16. gxf4 Bh3 17. Ng2 Bg4 18. Kf2 a5 19. Rfc1 Rfb8 20. Rab1 a4 21.
Rxc6 Be6 22. b3 axb3 23. axb3 Bxb3 24. Nd2 Bd5 25. Rxb8+ Rxb8 26. Rc2 Rd8 27.
Nf3 Bb4 28. Nge1 Bc3 29. e3 dxe3+ 30. Kxe3 Ba5 31. Rc1 f6 32. Ra1 Bb6+ 33. d4
Kf7 34. Ra6 Rd6 35. Ra4 Kg6 36. Nd3 Kf5 37. Nf2 Re6+ 0-1

[Event "Open LTU Rapid"]
[Site "Vilnius LTU"]
[Date "2010.11.27"]
[Round "2"]
[White "Matlakov, Maxim"]
[Black "Paulauskaite, Gintare"]
[Result "1-0"]
[WhiteTitle "GM"]
[WhiteElo "2619"]
[BlackElo "2058"]
[WhiteFideId "4168003"]
[BlackFideId "12802964"]
[EventDate "2010.11.27"]

1. d4 Nf6 2. c4 g6 3. Nc3 Bg7 4. g3 O-O 5. Bg2 d6 6. Nf3 Nc6 7. O-O Bf5 8. d5
Na5 9. Nd4 Bd7 10. b3 c5 11. dxc6 Nxc6 12. Bb2 Nxd4 13. Qxd4 Ng4 14. Qd2 Bc6 15.
e4 Qa5 16. Rad1 Qh5 17. h3 Nf6 18. Nd5 Nxd5 19. exd5 Bd7 20. Bxg7 Kxg7 21. Rde1
Rfe8 22. Re4 h6 23. Rfe1 e5 24. dxe6 Bxe6 25. Rh4 Qg5 26. Qc3+ Kh7 27. Bxb7 Rad8
28. Bc6 Re7 29. Qe3 Qxe3 30. Rxe3 Rc7 31. Bg2 d5 32. Rd4 Rcd7 33. c5 Rc8 34. b4
a5 35. a3 axb4 36. axb4 Ra8 37. Rc3 Ra1+ 38. Kh2 Ra2 39. b5 Rxf2 40. b6 Rb7 41.
Rb4 Bd7 42. c6 Bxc6 43. Rxc6 Re7 44. Rf4 Rb2 45. Rc7 1-0

[Event "Open LTU Rapid"]
[Site "Vilnius LTU"]
[Date "2010.11.27"]
[Round "2"]
[White "Jurevicius, Tomas"]
[Black "Azarov, Sergei"]
[Result "1/2-1/2"]
[BlackTitle "GM"]
[WhiteElo "2033"]
[BlackElo "2601"]
[WhiteFideId "12803952"]
[BlackFideId "13501470"]
[EventDate "2010.11.27"]

1. e4 e5 2. Nf3 Nc6 3. Bc4 Nf6 4. d3 Be7 5. O-O O-O 6. Re1 d6 7. Nc3 Bg4 8. h3
Bh5 9. Be3 Kh8 10. Nd5 Na5 11. Nxf6 Bxf6 12. Bb3 Be7 13. g4 Bg6 14. Qd2 c6 15.
c3 Nxb3 16. axb3 Qc7 17. b4 a6 18. Rad1 Rad8 19. Qc2 d5 20. Bc5 Bxc5 21. bxc5 f6
22. Nh4 Rd7 23. Nf5 Bxf5 24. gxf5 Rfd8 25. f3 d4 26. b4 dxc3 27. Qxc3 Rd4 28.
Rd2 Qf7 29. Rf1 Qh5 30. Kh2 Qh4 31. f4 exf4 32. Rf3 g5 33. fxg6 hxg6 34. Qb3
Rxe4 35. Qf7 Re3 36. Rxe3 fxe3 37. Rg2 Qf4+ 38. Kh1 g5 39. h4 e2 40. Qh5+ Kg7
41. Qxe2 Rh8 42. h5 Qe5 43. Qxe5 fxe5 44. Rxg5+ Kf6 45. Rg6+ Kf5 46. Rg7 Rxh5+
47. Kg2 Rg5+ 48. Rxg5+ Kxg5 49. Kg3 Kf5 50. Kf3 Kf6 51. Ke3 Ke7 52. Kf3 Kd7 53.
Ke3 Ke6 54. Ke4 Kf6 55. Kf3 Ke7 56. Ke3 Kd7 57. Kf3 Kc7 58. Ke4 b6 59. Kxe5 bxc5
60. bxc5 Kd7 61. Kd4 a5 62. Kc4 Ke7 63. Kb3 Ke6 64. Ka4 Kd5 65. Kxa5 Kxc5 66.
Ka6 Kd4 67. Kb6 Kxd3 68. Kxc6 1/2-1/2

[Event "Open LTU Rapid"]
[Site "Vilnius LTU"]
[Date "2010.11.27"]
[Round "3"]
[White "Zickus, Simonas"]
[Black "Zhigalko, Andrey"]
[Result "0-1"]
[WhiteTitle "FM"]
[BlackTitle "GM"]
[WhiteElo "2320"]
[BlackElo "2570"]
[WhiteFideId "12802395"]
[BlackFideId "13502247"]
[EventDate "2010.11.27"]

1. Nf3 Nf6 2. g3 g6 3. Bg2 Bg7 4. O-O O-O 5. c4 d6 6. d4 Nc6 7. Nc3 a6 8. d5 Na5
9. Nd2 c5 10. Qc2 Rb8 11. b3 b5 12. Rb1 Bf5 13. e4 Bd7 14. Bb2 e5 15. Nd1 Ng4
16. h3 Nh6 17. f4 f5 18. Ne3 Nb7 19. Rf2 Qe7 20. Re1 Rbe8 21. exf5 gxf5 22. Nf3
Nd8 23. cxb5 axb5 24. a4 e4 25. Bxg7 Qxg7 26. Ng5 Nhf7 27. Nxf7 Nxf7 28. Kh2
bxa4 29. bxa4 Ra8 30. Qb2 Rxa4 31. Qxg7+ Kxg7 32. g4 Nh6 33. Kg3 Rb8 34. g5 Ng8
35. h4 h5 36. gxh6+ Nxh6 37. Bh3 Kf6 38. Kh2 Rh8 39. Rb2 Nf7 40. Ng2 Rb4 41. Ra2
Rhb8 42. Ra7 R8b7 43. Rea1 Rb2 44. h5 Nh6 45. R1a6 Rxa7 46. Rxa7 Be8 47. Ra6 Ke7
48. Ra7+ Kf8 49. Rh7 Ng8 50. Bxf5 Nf6 51. Ra7 Bxh5 52. Kg3 c4 53. Rc7 Nxd5 54.
Rc8+ Ke7 55. Bxe4 Nb6 56. Rh8 Bf7 57. Ne3 d5 58. Bf3 c3 59. Rh7 Kf8 60. Rh1 Rd2
61. Rb1 d4 62. Nf5 c2 63. Rc1 d3 64. Be4 Rd1 65. Ra1 0-1

[Event "Open LTU Rapid"]
[Site "Vilnius LTU"]
[Date "2010.11.27"]
[Round "3"]
[White "Limontas, Martynas"]
[Black "Gdanski, Jacek"]
[Result "0-1"]
[WhiteTitle "FM"]
[BlackTitle "GM"]
[WhiteElo "2286"]
[BlackElo "2542"]
[WhiteFideId "12801828"]
[BlackFideId "1100106"]
[EventDate "2010.11.27"]

1. d4 Nf6 2. c4 c5 3. d5 g6 4. Nc3 Bg7 5. e4 d6 6. Bd3 e6 7. Nge2 O-O 8. O-O Ng4
9. f4 exd5 10. cxd5 c4 11. Bxc4 Qb6+ 12. Kh1 Nf2+ 13. Rxf2 Qxf2 14. Nb5 Qb6 15.
Qd3 Na6 16. Be3 Nc5 17. Qa3 Bd7 18. Nec3 Bxb5 19. Nxb5 a6 20. Nxd6 Bxb2 21. Rb1
Bxa3 22. Rxb6 Na4 23. Rxb7 Bxd6 24. Bb3 Nc5 0-1

[Event "Open LTU Rapid"]
[Site "Vilnius LTU"]
[Date "2010.11.27"]
[Round "3"]
[White "Sulskis, Sarunas"]
[Black "Laurusas, Tomas"]
[Result "1-0"]
[WhiteTitle "GM"]
[WhiteElo "2562"]
[BlackElo "2299"]
[WhiteFideId "12800112"]
[BlackFideId "12803731"]
[EventDate "2010.11.27"]

1. e4 c5 2. f4 e6 3. Nf3 Nc6 4. Bb5 Nge7 5. c3 a6 6. Ba4 b5 7. Bc2 d5 8. O-O Bb7
9. e5 d4 10. Be4 g6 11. cxd4 cxd4 12. d3 Nf5 13. Qe2 Bc5 14. Nbd2 Rc8 15. Nb3
Bb6 16. Bd2 O-O 17. Rac1 Ne3 18. Rfe1 f5 19. exf6 Qxf6 20. Nc5 Bxc5 21. Rxc5
Qxf4 22. Rec1 Qd6 23. Bxe3 dxe3 24. Qxe3 Rc7 25. h4 Rfc8 26. h5 Ne7 27. Rxc7
Rxc7 28. Rxc7 Qxc7 29. Bxb7 Qxb7 30. Qxe6+ Kg7 31. Qe5+ Kg8 32. h6 Qb6+ 33. d4
Kf7 34. Ng5+ Ke8 35. Nxh7 Qc6 36. Ng5 Qc1+ 37. Kh2 Qd1 38. h7 Qh5+ 39. Kg3 Kd7 1-0

[Event "Open LTU Rapid"]
[Site "Vilnius LTU"]
[Date "2010.11.27"]
[Round "3"]
[White "Jegorovas, Aleksandras"]
[Black "Matlakov, Maxim"]
[Result "0-1"]
[WhiteTitle "FM"]
[BlackTitle "GM"]
[WhiteElo "2322"]
[BlackElo "2619"]
[WhiteFideId "12801950"]
[BlackFideId "4168003"]
[EventDate "2010.11.27"]

1. Nf3 d5 2. d4 Nf6 3. c4 e6 4. Nc3 Bb4 5. e3 O-O 6. Bd3 c5 7. O-O cxd4 8. exd4
dxc4 9. Bxc4 b6 10. Bg5 Bb7 11. Re1 Nbd7 12. Rc1 Rc8 13. Qb3 Be7 14. Rcd1 Bxf3
15. gxf3 Nh5 16. d5 e5 17. Bxe7 Qxe7 18. Ne4 Qh4 19. Bf1 Nf4 20. d6 Rcd8 21. Ng3
Ne6 22. Qe3 Nd4 23. Rd2 Nf6 0-1

[Event "Open LTU Rapid"]
[Site "Vilnius LTU"]
[Date "2010.11.27"]
[Round "4"]
[White "Beinoras, Mindaugas"]
[Black "Shimanov, Aleksandr"]
[Result "0-1"]
[WhiteTitle "IM"]
[BlackTitle "GM"]
[WhiteElo "2356"]
[BlackElo "2516"]
[WhiteFideId "12802085"]
[BlackFideId "4198603"]
[EventDate "2010.11.27"]

1. d4 Nf6 2. c4 e6 3. Nf3 d5 4. Nc3 Bb4 5. cxd5 exd5 6. Bg5 h6 7. Bh4 c5 8. dxc5
Nbd7 9. e3 Qa5 10. Bxf6 Nxf6 11. Qd4 O-O 12. Bd3 Bxc5 13. Qa4 Qb6 14. Qc2 Bg4
15. O-O Bxf3 16. gxf3 Qe6 17. Ne2 Bb6 18. Qa4 Qh3 19. Ng3 d4 20. exd4 Rad8 21.
Rfd1 Rxd4 22. Bh7+ Nxh7 23. Rxd4 Bxd4 24. Qxd4 Ng5 25. Qd5 Qc8 26. Rd1 Qc2 27.
Kg2 Qxb2 28. Rd2 Qb4 29. Rd4 Qb6 30. Rg4 Rd8 31. Qf5 Rd2 32. Ne4 Nxe4 33. fxe4
Qe6 34. Qf4 Rxa2 35. h3 b6 36. Qb8+ Kh7 37. Qg3 g6 38. Rf4 Rc2 39. Qf3 Kg8 40.
h4 h5 41. Rf6 Qg4+ 42. Qxg4 hxg4 43. Kg3 Re2 44. Rf4 a5 45. Kxg4 a4 46. Kf3 Rb2 0-1

[Event "Open LTU Rapid"]
[Site "Vilnius LTU"]
[Date "2010.11.27"]
[Round "4"]
[White "Zhigalko, Andrey"]
[Black "Narmontas, Matas"]
[Result "1-0"]
[WhiteTitle "GM"]
[BlackTitle "FM"]
[WhiteElo "2570"]
[BlackElo "2370"]
[WhiteFideId "13502247"]
[BlackFideId "12802204"]
[EventDate "2010.11.27"]

1. c4 e5 2. e3 Nc6 3. a3 g6 4. b4 Bg7 5. Bb2 d6 6. Nf3 f5 7. b5 Nce7 8. Be2 Nf6
9. d3 O-O 10. Nc3 h6 11. Qc2 Be6 12. d4 e4 13. Nd2 d5 14. a4 Rf7 15. Ba3 c6 16.
Rb1 g5 17. Nb3 f4 18. bxc6 bxc6 19. Bxe7 Rxe7 20. Nc5 Bg4 21. cxd5 Bxe2 22. d6
Qxd6 23. Qxe2 f3 24. Qc4+ Kh8 25. g3 Rae8 26. h4 Ng4 27. hxg5 Nxe3 28. fxe3
Qxg3+ 29. Kd2 Qg2+ 30. Ne2 fxe2 31. Rbg1 e1=Q+ 32. Kxe1 Qf3 33. Qe2 Qf7 34. gxh6
Bf6 35. Rg2 Rb8 36. Qc2 Qd5 37. Rg4 Bg5 1-0

[Event "Open LTU Rapid"]
[Site "Vilnius LTU"]
[Date "2010.11.27"]
[Round "5"]
[White "Gorovets, Andrey"]
[Black "Azarov, Sergei"]
[Result "1/2-1/2"]
[WhiteTitle "FM"]
[BlackTitle "GM"]
[WhiteElo "2392"]
[BlackElo "2601"]
[WhiteFideId "13504037"]
[BlackFideId "13501470"]
[EventDate "2010.11.27"]

1. c4 e5 2. Nc3 Nc6 3. Nf3 Nf6 4. g3 Bc5 5. Nxe5 Bxf2+ 6. Kxf2 Nxe5 7. e4 c5 8.
d3 d6 9. h3 O-O 10. Be2 Ne8 11. Kg2 Nc7 12. Be3 Bd7 13. d4 cxd4 14. Qxd4 Ne6 15.
Qxd6 Nf4+ 16. gxf4 Bxh3+ 17. Rxh3 Qxd6 18. fxe5 Qxe5 19. Rah1 h6 20. Rg3 Kh7 21.
Rh5 Qe6 22. Bg4 f5 23. Bxf5+ Rxf5 24. Rxf5 Qxc4 25. Rc5 Qb4 26. Rc7 Rg8 27. b3
Kh8 28. Rc4 Qa3 29. Rc7 Qb2+ 30. Kh3 Qa1 31. Rg1 Qb2 32. Bd4 Qd2 33. Rgxg7 Rxg7
34. Bxg7+ Kg8 35. Be5 Qe3+ 36. Kg2 Qg5+ 37. Bg3 h5 38. Rc8+ Kf7 39. Rc7+ Ke8 40.
Kf2 h4 41. Bh2 h3 42. Bg3 Qf6+ 43. Ke3 Qg5+ 44. Kf3 Qh5+ 45. Ke3 h2 46. Bxh2
Qxh2 47. Rxb7 Kd8 48. Rb4 Qg3+ 1/2-1/2

[Event "Open LTU Rapid"]
[Site "Vilnius LTU"]
[Date "2010.11.27"]
[Round "5"]
[White "Berzinsh, Roland"]
[Black "Zhigalko, Andrey"]
[Result "1-0"]
[WhiteTitle "IM"]
[BlackTitle "GM"]
[WhiteElo "2427"]
[BlackElo "2570"]
[WhiteFideId "11600357"]
[BlackFideId "13502247"]
[EventDate "2010.11.27"]

1. e4 c5 2. Nf3 d6 3. Bc4 Nc6 4. O-O g6 5. c3 Nf6 6. Re1 Bg7 7. d4 cxd4 8. cxd4
Bg4 9. Bb5 O-O 10. Bxc6 bxc6 11. Nbd2 a5 12. h3 Bd7 13. e5 Nd5 14. Ne4 Qc7 15.
Bg5 f6 16. Bh4 dxe5 17. dxe5 fxe5 18. Rc1 Rac8 19. Nc5 Rcd8 20. Bg3 Nf4 21. Qb3+
Kh8 22. Ng5 Bf5 23. Bxf4 exf4 24. Nf7+ Rxf7 25. Qxf7 Rf8 26. Ne6 Rxf7 27. Nxc7
Bxb2 28. Rxc6 e5 29. Ne6 h6 30. Re2 Ba1 31. Rc1 Bd4 32. Nxd4 exd4 33. Rc5 d3 34.
Re8+ Kg7 35. Rd8 Re7 36. Rxa5 Re1+ 37. Kh2 Re2 38. f3 Kf6 39. h4 Re1 40. Rd6+
Ke7 41. Rd4 Ke6 42. a4 Rc1 43. Ra6+ Ke5 44. Rad6 Rc5 45. Rd8 Ra5 46. Rb4 Ke6 47.
Rxf4 Rd5 48. Rd4 Rxd4 49. Rxd4 Ke5 50. Rd8 Kf4 51. g4 1-0

[Event "Open LTU Rapid"]
[Site "Vilnius LTU"]
[Date "2010.11.27"]
[Round "5"]
[White "Zagorskis, Darius"]
[Black "Matlakov, Maxim"]
[Result "1/2-1/2"]
[WhiteTitle "IM"]
[BlackTitle "GM"]
[WhiteElo "2497"]
[BlackElo "2619"]
[WhiteFideId "12800120"]
[BlackFideId "4168003"]
[EventDate "2010.11.27"]

1. d4 d5 2. c4 c6 3. Nf3 Nf6 4. e3 Bf5 5. cxd5 cxd5 6. Qb3 Qc7 7. Bd2 Nc6 8. Bb5
e6 9. O-O Bd6 10. Bb4 O-O 11. Bxd6 Qxd6 12. Nbd2 Ne7 1/2-1/2

[Event "Open LTU Rapid"]
[Site "Vilnius LTU"]
[Date "2010.11.27"]
[Round "5"]
[White "Novikov, Vitalij"]
[Black "Gdanski, Jacek"]
[Result "0-1"]
[BlackTitle "GM"]
[WhiteElo "2330"]
[BlackElo "2542"]
[WhiteFideId "12800384"]
[BlackFideId "1100106"]
[EventDate "2010.11.27"]

1. e4 e6 2. d4 d5 3. Nd2 Nf6 4. e5 Nfd7 5. Bd3 c5 6. c3 b6 7. Ne2 Ba6 8. Nf3
Bxd3 9. Qxd3 Nc6 10. O-O c4 11. Qe3 b5 12. Qf4 Nb6 13. Ng3 Qd7 14. Nh5 h6 15.
Bd2 a5 16. Qg4 O-O-O 17. Nxg7 Rg8 18. Bxh6 Ne7 19. Nh4 Na8 20. f4 Nc7 21. f5
exf5 22. Nhxf5 Nxf5 23. Rxf5 Bxg7 24. Bxg7 Ne6 25. Rg5 Nxg7 26. Qxd7+ Kxd7 27.
Rf1 Ke7 28. g3 Ne6 29. Rgf5 Rg7 30. Kg2 b4 31. h4 Rdg8 32. R5f3 Rh7 33. Rf6 Rb8
34. R1f2 a4 35. cxb4 Rxb4 36. Rd2 Rg7 37. Kh3 a3 38. bxa3 Ra4 39. Rf3 Kd7 40.
Rdf2 Nxd4 41. Rxf7+ Rxf7 42. Rxf7+ Ke6 43. Rc7 Rxa3 44. h5 Nf5 45. Kg4 Kxe5 0-1

[Event "Open LTU Rapid"]
[Site "Vilnius LTU"]
[Date "2010.11.27"]
[Round "6"]
[White "Berzinsh, Roland"]
[Black "Shimanov, Aleksandr"]
[Result "0-1"]
[WhiteTitle "IM"]
[BlackTitle "GM"]
[WhiteElo "2427"]
[BlackElo "2516"]
[WhiteFideId "11600357"]
[BlackFideId "4198603"]
[EventDate "2010.11.27"]

1. e4 c6 2. d4 d5 3. Nc3 dxe4 4. Nxe4 Nd7 5. Nf3 Ngf6 6. Ned2 e6 7. Bd3 b6 8.
O-O Bb7 9. Qe2 Be7 10. c4 c5 11. dxc5 Nxc5 12. Bc2 O-O 13. b3 Qc7 14. Bb2 Rad8
15. Rad1 Qb8 16. b4 Ncd7 17. a3 Qa8 18. Rfe1 a5 19. Bc3 Rc8 20. Rb1 Rfe8 21. Ba1
Bf8 22. Rec1 e5 23. Bf5 Rcd8 24. Qe3 g6 25. Bh3 Bg7 26. Bxd7 Nxd7 27. c5 bxc5
28. bxc5 Nf6 29. Nc4 Nd5 30. Qb3 Nf4 31. Nd6 Bd5 32. Qe3 Bh6 33. Kh1 Nxg2 34.
Qxh6 Bxf3 35. Nxe8 Nf4+ 36. Kg1 Rxe8 37. Re1 Bg4 0-1

[Event "Open LTU Rapid"]
[Site "Vilnius LTU"]
[Date "2010.11.27"]
[Round "6"]
[White "Gdanski, Jacek"]
[Black "Rausis, Igor"]
[Result "1/2-1/2"]
[WhiteTitle "GM"]
[BlackTitle "GM"]
[WhiteElo "2542"]
[BlackElo "2482"]
[WhiteFideId "1100106"]
[BlackFideId "11600098"]
[EventDate "2010.11.27"]

1. e4 c6 2. d4 d5 3. exd5 cxd5 4. c4 Nf6 5. Nc3 e6 6. Nf3 Bb4 7. cxd5 Nxd5 8.
Qc2 Nc6 9. a3 Ba5 10. Bd2 Bb6 11. Bg5 Nde7 12. Rd1 h6 13. Bxe7 Nxe7 14. Bb5+ Bd7
15. Bxd7+ Qxd7 16. Ne5 Qc7 17. Qa4+ Kf8 18. O-O f6 19. Nd7+ Kf7 20. Nxb6 Qxb6
21. d5 exd5 22. Nxd5 1/2-1/2

[Event "Open LTU Rapid"]
[Site "Vilnius LTU"]
[Date "2010.11.27"]
[Round "6"]
[White "Pileckis, Emilis"]
[Black "Zagorskis, Darius"]
[Result "0-1"]
[WhiteTitle "IM"]
[BlackTitle "IM"]
[WhiteElo "2448"]
[BlackElo "2497"]
[WhiteFideId "12802476"]
[BlackFideId "12800120"]
[EventDate "2010.11.27"]

1. Nf3 c5 2. c4 Nc6 3. d4 cxd4 4. Nxd4 Nf6 5. Nc3 e6 6. a3 Nxd4 7. Qxd4 b6 8.
Bf4 Bc5 9. Qd3 Bb7 10. Nb5 Ne4 11. e3 Qf6 12. Nc7+ Kf8 13. Rb1 Nxf2 14. Qxd7
Nxh1 15. Nxa8 g5 16. Qxb7 gxf4 17. Qf3 Kg7 18. exf4 Qh4+ 19. Ke2 Qxh2 20. Qg4+
Kf8 21. Rd1 Be7 22. Nc7 Rg8 23. Qf3 Ng3+ 24. Kd3 Nxf1 25. Rxf1 Rg3 0-1

[Event "Open LTU Rapid"]
[Site "Vilnius LTU"]
[Date "2010.11.27"]
[Round "7"]
[White "Shimanov, Aleksandr"]
[Black "Zagorskis, Darius"]
[Result "1/2-1/2"]
[WhiteTitle "GM"]
[BlackTitle "IM"]
[WhiteElo "2516"]
[BlackElo "2497"]
[WhiteFideId "4198603"]
[BlackFideId "12800120"]
[EventDate "2010.11.27"]

1. d4 Nf6 2. Nf3 e6 3. c4 d5 4. g3 Bb4+ 5. Bd2 Bxd2+ 6. Nbxd2 O-O 7. Bg2 c6 8.
O-O b6 9. Qc2 Bb7 10. b4 Nbd7 11. Rfc1 a5 12. a3 Qe7 13. Qb2 axb4 14. axb4 Rfb8
15. e3 Qd8 16. c5 bxc5 17. bxc5 Ba6 18. Qc3 Bb5 19. Ne1 Rxa1 20. Rxa1 Ra8 21.
Nc2 Qb8 22. f4 Ne8 23. Rxa8 Qxa8 24. Qa3 Qxa3 25. Nxa3 Bd3 26. Nb3 Nb8 27. Na5
Kf8 28. Bf1 Bxf1 29. Kxf1 Ke7 30. Nc2 Kd7 31. Nb4 Nf6 32. Nd3 Ng4 33. Ke2 f6 34.
h3 Nh6 35. Kf3 Nf5 36. g4 Ne7 37. h4 Ng6 38. Kg3 Nh8 39. f5 exf5 40. gxf5 Nf7
41. Kf4 Na6 42. Nb3 Nc7 43. Nb4 Nb5 44. Na5 Nd8 45. Kf3 Nc3 46. Nd3 Nf7 47. Nb4
Nd8 48. Nb3 Nf7 49. Na5 Nd8 50. Kg4 Ne4 51. Kf4 Nc3 52. Nd3 Nf7 53. Nf2 Nh6 54.
Ng4 Ne2+ 55. Kf3 Ng1+ 56. Kf4 Ne2+ 1/2-1/2

[Event "Open LTU Rapid"]
[Site "Vilnius LTU"]
[Date "2010.11.27"]
[Round "7"]
[White "Matlakov, Maxim"]
[Black "Berzinsh, Roland"]
[Result "1-0"]
[WhiteTitle "GM"]
[BlackTitle "IM"]
[WhiteElo "2619"]
[BlackElo "2427"]
[WhiteFideId "4168003"]
[BlackFideId "11600357"]
[EventDate "2010.11.27"]

1. d4 Nf6 2. c4 e6 3. g3 Bb4+ 4. Bd2 c5 5. Bxb4 cxb4 6. Bg2 O-O 7. e4 d6 8. Ne2
e5 9. O-O Re8 10. a3 Qb6 11. Qb3 Na6 12. Nd2 Bg4 13. f3 Be6 14. Kh1 exd4 15. Qd3
Rac8 16. Rfc1 Nc5 17. Qxd4 a5 18. a4 Nfd7 19. b3 f5 20. exf5 Bxf5 21. Nf4 Nf6
22. g4 Bg6 23. g5 Nfd7 24. Re1 Ne5 25. Nxg6 Nxg6 26. f4 Nh4 27. Qd5+ Kh8 28. Bh3
Rcd8 29. Rad1 Qc7 30. Ne4 Qe7 31. Ng3 Qf8 32. f5 Rxe1+ 33. Rxe1 Re8 34. Rf1 Qe7
35. f6 gxf6 36. gxf6 Qe5 37. Qf7 Rg8 38. Qe7 Ng6 39. Qxe5 dxe5 40. Nf5 Rf8 41.
Nd6 Nf4 42. Bg2 Rxf6 43. Nxb7 Nxb3 44. c5 Nd4 45. Be4 Kg7 46. Nxa5 Ra6 47. Nc4
Rxa4 48. Nxe5 Nde6 49. c6 Ra5 50. Nd7 Ne2 51. Re1 Nc3 52. Bc2 Nc7 53. Nb6 Kf6
54. Bb3 Rc5 55. Nd7+ 1-0